| 000 | 00538nam a22001817a 4500 | ||
|---|---|---|---|
| 005 | 20251108172639.0 | ||
| 008 | 250721s2001 xx 000 0 ara d | ||
| 082 | 1 | 4 | _aم/216/عتي |
| 100 | 1 | _aالعتيبي، إحسان محمد | |
| 245 | 1 | 0 | _aالفوائد العذاب فيما جاء في الكلاب / |
| 264 | 1 |
_aعمان : _bدار النفائس للنشر، _c2001. |
|
| 300 | _a285 ص | ||
| 650 | 1 | 7 | _aالحديث |
| 650 | 1 | 7 | _aعلوم الحديث |
| 650 | 1 | 7 | _aالكلاب |
| 942 |
_2ddc _cREF |
||
| 999 |
_c84908 _d84908 |
||